000
00269nam a2200121Ia 4500
008
231129s9999||||xx |||||||||||||| ||spa||
040
_b
spa
082
_a
851 T214
100
_a
Tasso Torcuato
245
0
_a
Jerusalen libertada
264
_a
Iberia
942
_2
ddc
_c
BKS
999
_c
16090
_d
16090